00932nam a2200193Ia 4500952010800000999001700108008004100125020001800166050002000184100003700204245012300241260002900364300001800393500010000411505014900511519004700660650002400707942000700731 00104070a11b11d2010-02-23l16oHQ56 M87 2007p11 008319r2023-07-21s2023-07-21t1w2012-06-26yLB c72469d72469120626s2007 mx 000 0 spa d a9789688608227 aHQ56 bM87 2007 aMurillo Gamboa, Margaritaeautor aCómo enseñar sexualidad b: Para aprender el lenguaje de la sexualidad y enseñarlo c/ Margarita, Murillo Gamboa aMéxico b: Paxc, 2007 a155 páginas aIncluye: Indice, Agradecimientos, Prefacio, Introducción, Epílogo, Anexos, Bibliografía  aConstruyendo el camino Conociendo la Teoría de la sexualidad Conversando en clase o en casa Las edades sexuales. Educando a cada edad  aMaterial Complementario/ d(11 008319)  0aEDUCACIÓN SEXUAL  cLB